Normal view
MARC view
- México
Entry Nombre Geográfico
001 - NÚMERO DE CONTROL
- campo de control: 3318
003 - IDENTIFICADOR DE NUMERO DE CONTROL
- campo de control: MX-MxUPN
005 - FECHA Y HORA DE LA ÜLTIMA TRANSACCIÓN
- campo de control: 20240419140042.0
008 - DATOS DE LONGITUD FIJA
- campo de control de longitud fija: 240419nn fnnnnbabn b ana |d
035 ## - NÚMERO DE CONTROL
- Número de control: UPN10000003318
040 ## - FUENTE DE CATALOGACIÓN
- Agencia de catalogación original: MX-MxUPN
- Lenguaje de catalogación: spa
151 ## - ENCABEZAMIENTO - NOMBRE GEOGRÁFICO
- Nombre geográfico: México
- Subdivisión general : Condiciones sociales
- Subdivisión cronológica : Siglo XX
670 ## - FUENTE EN LA QUE SE LOCALIZARON DATOS
- Cita de la fuente: LC Authorities, 19 abril, 2024 :
- Información localizada: (Mexico -- Social conditions -- 20 th century)
- Uniform Resource Identifier: https://lccn.loc.gov/sh92006440
902 ## - CATALOGADOR
- Catalogador: MEG/280306
- Catalogador: VíctorGodínez/190424
